| 000 | 00598nam a22001577a 4500 | ||
|---|---|---|---|
| 008 | 170309b xxu||||| |||| 00| 0 eng d | ||
| 082 |
_22016 _aUT 0690 _bAm19 |
||
| 100 |
_919235 _aAmbungan, Mariel D. |
||
| 245 |
_aThe Assessment of Number Sense of Grade & Students in Talus National High School. _cMAriel D. Ambungan, Karen G. Buhion and Angeline A. Lanaja. |
||
| 300 |
_a45 pages; _b29 cm. |
||
| 650 | 0 |
_919236 _aEducation _vMathematics _xUndergraduate Thesis. |
|
| 700 |
_919237 _aAmbungan, Mariel D. |
||
| 700 |
_919238 _aBuhion, Karen G. |
||
| 700 |
_919239 _aLanaja, Angline A. |
||
| 942 |
_2ddc _cUT |
||
| 999 |
_c6382 _d6382 |
||